000 00661nam a2200241Ia 4500
003 OSt
005 20220924122049.0
006 a|||||r|||| 00| 0
007 ta
008 220923b |||||||| |||| 00| 0 urd d
024 _a285733
037 _cTextual
040 _aARTS
_cARTS
_burd
041 _2urd
_aurd
082 _aV252:1.M1, 168D2
100 _aAli Mohd. Ahmad Au.
_9188126
245 0 _aMuraqqa-e-Awadh
260 _aLahore
_bAl-nazir press Pakistan
_c1902
300 _a60p.
_ccm.
650 _aUTTAR PRADESH - HISTORY
942 _hV252:1.M1, 168D2
_cTEXL
_2CC
999 _c410045
_d410045